Atlas geográfico universal y de Colombia / (Registro nro. 11846)

Detalles MARC
000 -CABECERA
Longitud fija campo de control 00902cam a2200265 a 4500
003 - • IDENTIFICADOR DELl NÚMERO DE CONTROL
Identificador del número de control CO-ViMGA
005 - • FECHA Y HORA DE LA ÚLTIMA TRANSACCIÓN
Fecha y hora de la última transacción 20230915224414.0
008 - • CÓDIGOS DE INFORMACIÓN DE LONGITUD FIJA
Códigos de información de longitud fija 971229r19991996sp ab r 00000 spa d
020 ## - • NÚMERO INTERNACIONAL NORMALIZADO PARA LIBROS
Número Internacional Normalizado para Libros (ISBN) 8449402697
040 ## - FUENTE DE LA CATALOGACIÓN
Centro catalogador de origen CO-ViMGA
Lengua de catalogación spa
Centro transcriptor CO-ViMGA
043 ## - CÓDIGO DE ÁREA GEOGRÁFICA
Código de área geográfica s-ck---
082 04 - • NÚMERO DE LA CLASIFICACIÓN DECIMAL DEWEY
Número de clasificación (R) R912.86
Número del ítem A75a3
Número de edición 19 ed.
245 00 - • TITULO PROPIAMENTE DICHO
Título Atlas geográfico universal y de Colombia /
Mención de responsabilidad, etc. dirección Carlos Gispert ; maquetación Mercedes Clarós.
250 ## - • MENCIÓN DE EDICIÓN
Mención de edición Edición Ana Biosca, Andrés Merino.
300 ## - • DESCRIPCIÓN FÍSICA
Extensión xlviii, 428 p. :
Otras características físicas il., mapas ;
Dimensiones 28 cm.
650 14 - • PUNTO DE ACCESO ADICIONAL DE MATERIA - TÉRMINO DE MATERIA
Término de materia o nombre geográfico como elemento inicial Atlas colombianos.
650 #6 - • PUNTO DE ACCESO ADICIONAL DE MATERIA - TÉRMINO DE MATERIA
Término de materia o nombre geográfico como elemento inicial Geografía universal.
651 ## - • PUNTO DE ACCESO ADICIONAL DE MATERIA - NOMBRE GEOGRÁFICO
Nombre geográfico Colombia
Subdivisión de forma Mapas.
700 1# - • PUNTO DE ACCESO ADICIONAL - NOMBRE DE PERSONA
Nombre de persona Biosca, Ana,
Término indicativo de función ed.
700 1# - • PUNTO DE ACCESO ADICIONAL - NOMBRE DE PERSONA
Nombre de persona Clarós, Mercedes.
700 1# - • PUNTO DE ACCESO ADICIONAL - NOMBRE DE PERSONA
Nombre de persona Gispert, Carlos.
700 1# - • PUNTO DE ACCESO ADICIONAL - NOMBRE DE PERSONA
Nombre de persona Merino, Andrés,
Término indicativo de función ed.
942 ## - ENTRADA DE ELEMENTOS AGREGADOS (KOHA)
Fuente de clasificaión o esquema Dewey Decimal Classification
Koha [por defecto] tipo de item Libro Referencia
Existencias
Perdido Fuente de clasificación o esquema Estado Físico No para préstamo Localización permanente Localización actual Fecha adquisición Préstamos totales Fecha última consulta Fecha del precio de reemplazo Tipo de item de Koha Restricciones de uso Forma de adquisición Signatura completa Código de barras
  Dewey Decimal Classification Damaged Not For Loan Biblioteca Comunitaria - Villavicencio Biblioteca Comunitaria - Villavicencio 08/31/2017   08/31/2017 08/31/2017 Libro Referencia Restricted Access Sala General R912.86 A75a3 5747
  Dewey Decimal Classification Damaged Not For Loan Biblioteca Comunitaria - Villavicencio Biblioteca Comunitaria - Villavicencio 08/31/2017   08/31/2017 08/31/2017 Libro Referencia Restricted Access Sala General R912.86 A75a3 3463
  Dewey Decimal Classification     Biblioteca Pública Germán Arciniegas - Villavicencio Biblioteca Pública Germán Arciniegas - Villavicencio 05/28/2018   05/28/2018 05/28/2018 Libro Referencia        









Instituto Departamental de Cultura del Meta - Red Departamental de Bibliotecas Públicas del Meta.